Beef and veal / (Record no. 5529)

MARC details
000 -LEADER
fixed length control field 00612nam a22002057a 4500
003 - CONTROL NUMBER IDENTIFIER
control field OSt
005 - DATE AND TIME OF LATEST TRANSACTION
control field 20251106013938.0
008 - FIXED-LENGTH DATA ELEMENTS--GENERAL INFORMATION
fixed length control field 251106b |||||||| |||| 00| 0 eng d
020 ## - INTERNATIONAL STANDARD BOOK NUMBER
International Standard Book Number 0-8094-2852-0
040 ## - CATALOGING SOURCE
Original cataloging agency DWCL-Admin lib
Transcribing agency OC
082 ## - DEWEY DECIMAL CLASSIFICATION NUMBER
Classification number Circ. 641.662 B414 1979
100 ## - MAIN ENTRY--PERSONAL NAME
Personal name By The Editors Of Time-Life Books
245 ## - TITLE STATEMENT
Title Beef and veal /
Statement of responsibility, etc. By The Editors Of Time-Life Books
260 ## - PUBLICATION, DISTRIBUTION, ETC.
Place of publication, distribution, etc. U.S.A.:
Name of publisher, distributor, etc. Time-ife Books,
Date of publication, distribution, etc. c1979
300 ## - PHYSICAL DESCRIPTION
Extent 176p. :i ll.(chiefly col.) ;
Dimensions 27cm
504 ## - BIBLIOGRAPHY, ETC. NOTE
Bibliography, etc. note Includes index
650 ## - SUBJECT ADDED ENTRY--TOPICAL TERM
Topical term or geographic name entry element 1. Cookery (Beef)
650 ## - SUBJECT ADDED ENTRY--TOPICAL TERM
Topical term or geographic name entry element 2. Cookery(Veal)
942 ## - ADDED ENTRY ELEMENTS (KOHA)
Source of classification or shelving scheme Dewey Decimal Classification
Koha item type Book Circulation
Call number prefix Circ.
Suppress in OPAC No
952 ## - LOCATION AND ITEM INFORMATION (KOHA)
--
Holdings
Withdrawn status Lost status Source of classification or shelving scheme Damaged status Not for loan Home library Current library Shelving location Date acquired Source of acquisition Cost, normal purchase price Total Checkouts Full call number Barcode Date last seen Copy number Price effective from Koha item type Uniform Resource Identifier
    Dewey Decimal Classification     HM & Nursing Library HM & Nursing Library Circulation 05/12/2011 School Fund 0.00   Circ. 641.662 B414 1979 48354 11/06/2025 c1 11/06/2025 BK-CIRC